000 03724cam a2200517 i 4500
999 _c3749
_d3749
001 1021065477805721
003 OSt
005 20241015104423.0
008 0309s1999 nyua c 000 1 eng
010 _a99014750
020 _a9780062796028
020 _a006279602X
035 _a(OCoLC)41070636
_z(OCoLC)42424872
_z(OCoLC)44459895
_z(OCoLC)704531832
_z(OCoLC)731459230
_z(OCoLC)732724796
_z(OCoLC)732897186
_z(OCoLC)1022704796
035 _a(OCoLC)ocm41070636
040 _aDLC
_beng
_erda
_cDLC
_dXY4
_dXFF
_dBAKER
_dCBC
_dXY4
_dBTCTA
_dYDXCP
_dLVB
_dNLGGC
_dOQP
_dEDK
_dTXBXL
_dVDN
_dFTL
_dORX
_dOCLCO
_dOCLCQ
_dAUMCS
_dBDX
_dIEB
_dOCLCF
_dATMAZ
_dOCLCQ
_dATMAZ
_dOCLCO
_dOCL
_dOCLCO
_dALAUL
_dOCLCO
_dHLS
_dOCLCO
_dOCL
_dOCLCO
_dOCLCQ
_dMQ9
_dLTP
_dOCL
_dOCLCO
_dPAU
_dTC@
_dCRNJL
_dIUK
_dTXCLY
_dNZALP
_dSHM
_dOQX
_dOCLCO
_dY38
_dYDX
_dOCLCQ
_dNVQ
_dP@N
_dCPCBT
_dWYZ
_dSFR
_dCHILD
_dTY7
_dGRC
_dAZZPT
_dNX0
_dOW4
_dIAD
_dCSO
_dKSU
_dWHCCD
_dHCO
_dNZHWP
_dFWR
_dT7X
_dTZ7
_dBOS
_dTXJDC
_dLKC
_dOCLCO
_dCPO
_dOCLCO
_dLMJ
_dTL4
_dOCLCO
_dXXWGB
_dOCLCO
_dIDWBL
_dOCLCO
_dZGR
_dNZAUC
_dYFZ
_dOCLCO
_dJX9
_dOCLCO
_dNJT
_dTX6
_dBYV
_dTXUPP
_dOCLCO
_dM$I
_dOCLCQ
_dOCLCO
_dOCL
_dNYP
_dCNCLB
_dCEG
_dKH8
042 _anbic
082 _aFIC SNI
100 1 _aSnicket, Lemony,
_eauthor.
245 1 4 _aThe Bad Beginning /
_cby Lemony Snicket ; illustrations by Brett Helquist.
250 _aFirst edition.
264 1 _aNew York :
_bHarperCollins Publishers,
_c1999.
300 _a162 pages :
_billustrations ;
_c19 cm.
336 _atext
_btxt
_2rdacontent.
337 _aunmediated
_bn
_2rdamedia.
338 _avolume
_bnc
_2rdacarrier.
490 1 _aA series of unfortunate events ;
_vbk. 1.
505 1 0 _tThe cornucopian cavalcade : a serial supplement to A series of unfortunage events /
_rLemony Snicket
_g(Volume XIII. Number 1.) --
_t"Q" : a psychic pstory of the psupernatural, part 1 /
_rStephen Leacock --
_tThe spoily brats /
_rMichael Kupperman --
_tWhat shall I do Lemony Snicket? --
_tThe paper magiican /
_rMorley Adams.
520 _aAfter the sudden death of their parents, the three Baudelaire children must depend on each other and their wits when it turns out that the distant relative who is appointed their guardian is determined to use any means necessary to get their fortune. Violet, Klaus, and Sunny Baudelaire are intelligent children. They are charming, and resourceful, and have pleasant facial features. Unfortunately, they are exceptionally unlucky. Imagine tales so terrible that as many as fifty million innocents have been ruined by them-tales so indelibly horrid that the New York Times bestseller list has been unable to rid itself of them for seven years. Now imagine if this scourge suddenly became available in a shameful new edition so sensational, so irresistible, so riddled with lurid new pictures that even a common urchin would wish for it. Who among us would be safe? -- Publisher description.
586 8 _aBook Sense Book of the Year Award Nominee, 2001.
586 8 _aFlicker Tale Children's Book Award Nominee, 2003.
650 0 _aOrphans
_vJuvenile fiction.
650 0 _aBrothers and sisters
_vJuvenile fiction.
650 0 _aHumorous stories, English.
650 0 _aOrphans
_vFiction.
650 0 _aBrothers and sisters
_vFiction.
650 0 _aHumorous stories.
650 7 _aHumorous stories
_2fast
_0(OCoLC)fst00963818.
650 7 _aBrothers and sisters.
_2fast
_0(OCoLC)fst00839671.
650 7 _aHumorous stories, English.
_2fast
_0(OCoLC)fst00963836.
650 7 _aOrphans.
_2fast
_0(OCoLC)fst01048433.
655 7 _aFiction.
_2fast
_0(OCoLC)fst01423787.
655 7 _aJuvenile works.
_2fast
_0(OCoLC)fst01411637.
700 1 _aHelquist, Brett,
_eillustrator.
800 1 _aSnicket, Lemony.
_tSeries of unfortunate events ;
_vbk. 1.
942 _2ddc
_cFIC